Statistics for Best teams from top 5 leagues

Click here to take the quiz!

General Stats

  • This quiz has been taken 16 times
  • The average score is 20 of 45

Answer Stats

QuestionTileSelect% Correct
Serie AJuventusYes
85%
Premier LeagueManchester UnitedYes
85%
La LigaReal MadridYes
85%
La LigaBarcelonaYes
77%
BundesligaBayern MunchenYes
77%
Premier LeagueLiverpoolYes
77%
Premier LeagueManchester CityYes
77%
Premier LeagueArsenalYes
69%
La LigaAtletico MadridYes
69%
Premier LeagueChelseaYes
69%
BundesligaDortmundYes
69%
Serie AMilanYes
69%
Ligue 1PSGYes
69%
Serie AInter MilanYes
62%
Serie ANapoliYes
62%
La LigaSevillaYes
62%
Ligue 1LyonYes
54%
Ligue 1MarseilleYes
54%
Ligue 1MonacoYes
54%
Serie ARomaYes
54%
Premier LeagueTottenham HotspurYes
54%
BundesligaBayer LeverkusenYes
46%
BundesligaLeipzigYes
46%
Ligue 1LilleYes
46%
La LigaVillarrealYes
46%
La LigaValenciaYes
38%
BundesligaUnion BerlinYes
31%
BundesligaWolfsburgYes
31%
La LigaAthletic BilbaoYes
23%
BundesligaFrankfurtYes
23%
BundesligaMonchengladbachYes
23%
Ligue 1NantesYes
23%
Ligue 1NiceYes
23%
La LigaReal BetisYes
23%
La LigaReal SociedadYes
23%
Ligue 1RennesYes
23%
Premier LeagueAston VillaYes
15%
Serie AAtalantaYes
15%
Serie AFiorentinaYes
15%
BundesligaKolnYes
15%
Serie ALazioYes
15%
Premier LeagueLeicester CityYes
15%
Ligue 1LensYes
15%
Serie ASampdoriaYes
15%
Premier LeagueWest HamYes
15%

Score Distribution

Percentile by Number Answered

Percent of People with Each Score

Your Score History

You have not taken this quiz